Statistiken für Handball Europameister Frauen

Klicken Sie hier um das Quiz zu spielen!

Allgemein

  • Dieses Quiz wurde 39 mal gespielt
    (20 seit der letzten Aktualisierung)
  • Das Durchschnittsergebnis liegt bei 8 aus 14

Antwortstatistiken

JahrLand% Korrekt
1994Dänemark
81%
1996Dänemark
69%
1998Norwegen
63%
2004Norwegen
63%
2008Norwegen
63%
2018Frankreich
56%
2006Norwegen
56%
2010Norwegen
56%
2014Norwegen
56%
2002Dänemark
50%
2020Norwegen
50%
2016Norwegen
38%
2000Ungarn
38%
2012Montenegro
13%

Verteilung der Resultate

Perzentil nach korrekt beantworteten Fragen

Anzahl Personen mit jedem Resultat

Ihre Resultats-Entwicklung

Sie haben dieses Quiz seit der letzten Aktualisierung nicht gespielt